Szeged három ország határán Idegenforgalmi útmutató = Fremdenführer durch Szeged

Elmentve itt :
Bibliográfiai részletek
Dokumentumtípus: Könyv
Megjelent: Hírlapkiadó- és Nyomdavállalat Szeged, Magyarország 1930
Kulcsszavak:Szeged - honismeret, Szeged története, Művelődéstörténet - Szeged
Tárgyszavak:
Online Access:http://misc.bibl.u-szeged.hu/58152
LEADER 00770nam a2200193 i 4500
001 misc58152
005 20210617085223.0
008 210617s1930 hu o 0|| hun d
040 |a SZTE Miscellanea Repozitórium  |b hun 
041 |a hun 
041 |a ger 
245 0 0 |a Szeged három ország határán   |h [elektronikus dokumentum] :  |b Idegenforgalmi útmutató = Fremdenführer durch Szeged 
260 |a Hírlapkiadó- és Nyomdavállalat  |b Szeged, Magyarország  |c 1930 
300 |a 40 p.  |c 23 cm 
650 4 |a Bölcsészettudományok 
650 4 |a Történettudomány és régészet 
650 4 |a Történettudomány 
695 |a Szeged - honismeret, Szeged története, Művelődéstörténet - Szeged 
856 4 0 |u http://misc.bibl.u-szeged.hu/58152/1/b_149383.pdf  |z Dokumentum-elérés